Science Quiz

Random Science Quiz
Score 0/11 Timer 05:00
0 Plays Today
% Correct
Boraginaceae
100%
Geraniaceae
100%
Malvaceae
100%
Ranunculaceae
100%
Rosaceae
100%
Lamiaceae
80%
Saxifragaceae
80%
Scrophulariaceae
80%
Violaceae
80%
Solanaceae
60%
Convolvulaceae
20%

You're not logged in!

Compare scores with friends on all Sporcle quizzes.
OR
Log In

Sporcle TV

Today on Sporcle TV


Watch our educational content, quiz creation guides, and fun videos on Sporcle TV.

Show Comments

Extras

Created Sep 20, 2019SourceReportNominate
Tags:floral, formula

Top Quizzes Today


Score Distribution

Paid Content

Your Account Isn't Verified!

In order to create a playlist on Sporcle, you need to verify the email address you used during registration. Go to your Sporcle Settings to finish the process.

Report this User

Report this user for behavior that violates our Community Guidelines.

Details: